000 00498nam a2200205Ia 4500
003 OSt
005 20250903104655.0
008 250729s2005 xx 000 0 und d
020 _a978-8176489683
040 _cAL
041 _aeng
082 _a370 TILE
100 _aTilak B G
_9222410
245 _aEducational planing at grassroots
260 _aNew Delhi
_bA P H Publishing
_c2005
300 _a215p
650 _aEducation
_9222411
700 _aJandnyala
_9222412
942 _2ddc
_cBED
999 _c235449
_d235449